000 00678nam a2200205Ia 4500
003 GCL
008 140319s9999 xx 000 0 ara d
040 _aGCL /
_cGCL
082 0 4 _a819
_bم ن
100 1 _aمحمود شاكر القطان (تحقيق)
245 1 0 _aالقصر: طرقة واثره فى التعبير الادبى /
_cمحمود شاكر القطان (تحقيق)
260 _a[S.N] :
_bمكتبة ابراهيم حلبى ،
_c1985
300 _a85 ص
490 _a
650 0 4 _aالادب العربى
650 0 4 _aالاسلوب الادبى
650 0 4 _aاللغة العربية
650 0 4 _aالبلاغة العربية
942 _2ddc
_cBK
999 _c31639
_d31639